Statistics for Biggest Cities in South America

Click here to take the quiz!

General Stats

  • This quiz has been taken 62 times
  • The average score is 16 of 30

Answer Stats

HintAnswer% Correct
4Rio de janeiro
98%
6Buenos aires
95%
2Bogotá
93%
3Lima
92%
13Caracas
85%
5Santiago
85%
10Brasilia
82%
17Quito
80%
19Belo horizonte
77%
11Cali
73%
22Montevideo
73%
7Salvador
70%
14Manaus
67%
20Porto alegre
67%
8Fortaleza
63%
12Guayaquil
60%
18Recife
58%
21Córdoba
52%
15Curitiba
52%
1São paulo
38%
9Medellín
37%
27Cartagena
33%
28São luis
22%
26Campinas
20%
16Maracaibo
20%
30Valencia
20%
24Goiânia
15%
25Barranquila
12%
23Guarulhos
5%
29Mació
0%

Score Distribution

Percentile by Number Answered

Percent of People with Each Score

Your Score History

You have not taken this quiz